Para una valoración teológica de Jn. 18-20: pasión y resurrección, contribución a su interpretación exegética-teológica
Uloženo v:
| Hlavní autor: | |
|---|---|
| Médium: | Kniha |
| Jazyk: | španělština |
| Vydáno: |
Salamanca
Universidad Pontificia de Salamanca
1973
|
| Témata: | |
| Tagy: |
Přidat tag
Žádné tagy, Buďte první, kdo vytvoří štítek k tomuto záznamu!
|
MARC
| LEADER | 00000nam a2200000 a 4500 | ||
|---|---|---|---|
| 001 | UCL6246 | ||
| 003 | CL-VaPUC | ||
| 008 | 040402e19730000SP |||||||||||||||||spa|d | ||
| 082 | 0 | 4 | |a 226.5 |b TAL |2 21 |
| 100 | 0 | |a Talavero Tovar, Severiano |e author |9 483940 | |
| 245 | 1 | 0 | |a Para una valoración teológica de Jn. 18-20: pasión y resurrección, contribución a su interpretación exegética-teológica |
| 300 | |a 67 p | ||
| 942 | |c BK | ||
| 945 | |d 20040402 00:00:00 |a vberengu | ||
| 260 | |a Salamanca |b Universidad Pontificia de Salamanca |c 1973 | ||
| 600 | 0 | |a San Juan Evangelista |9 337229 | |
| 600 | 0 | |a Jesús |9 313614 | |
| 650 | 0 | |a Evangelistas |9 315131 | |
| 583 | |a last modification |c 20040402 00:00:00 |k Rodrigo Vera | ||
| 999 | |c 308423 |d 308421 | ||
| 952 | |0 0 |1 2 |4 0 |6 226_500000000000000_TAL_1973 |7 0 |8 A |9 374939 |a BIBTEO |b BIBTEO |d 2019-11-21 |i 2108178 |o 226.5 TAL 1973 |p 2108178 |r 2019-11-21 |w 2019-11-21 |x Descarte 2019 |y BK |k ICR | ||